[Event "Mistrzostwa Polski Juniorow Mlodszych do lat 14 - OOM Zachodniopomorskie 2023"]
[Site "Darlowek"]
[Date "1899-12-30"]
[Round "4.17"]
[White "Butkiewicz, Jan"]
[Black "Wolski, Ernest"]
[Result "1-0"]
[WhiteTitle "I"]
[BlackTitle "II"]
[WhiteElo "1691"]
[BlackElo "1317"]

1. d4 Nf6 2. c4 c5 3. d5 b5 4. cxb5 a6 5. e3 d6 6. Nc3 g6 7. a4 Bg7 8. Bd2 O-O
9. e4 axb5 10. Bxb5 Bd7 11. Qc2 Na6 12. Nge2 Qb6 13. O-O Rfb8 14. Bxd7 Nxd7 15.
Nb5 Nb4 16. Qb3 Qa5 17. h3 Ne5 18. Bxb4 cxb4 19. Ned4 Rc8 20. Kh1 Nd7 21. Nc6
Rxc6 22. dxc6 Nc5 23. Qc2 b3 24. Qe2 Qb6 25. c7 Qb7 26. Rfc1 h6 27. e5 Kh7 28.
exd6 exd6 29. Rab1 Rxa4 30. Qe7 Ne4 31. c8=Q Qxe7 32. Rf1 Nd2 33. Rfe1 Qg5 34.
Rbd1 Nf3 35. gxf3 Qxb5 36. Qe8 Qxe8 37. Rxe8 Bxb2 38. Rb8 Ra3 39. Rd3 Be5 40.
Rbxb3 Rxb3 41. Rxb3 Kg7 42. Kg2 g5 43. Kf1 f6 44. Ke2 Kg6 45. Ke3 Kf5 46. Rb5
Kg6 47. Ke4 f5+ 48. Kd5 Kh5 49. Rb1 g4 50. hxg4+ fxg4 51. Rh1+ Kg5 52. fxg4 Kxg4
53. Ke4 Bb2 54. Rxh6 d5+ 55. Kxd5 Kf3 56. Rh3+ Kf4 57. Rb3 Bf6 58. Rd3 Bd8 59.
Kc5 Bh4 60. Rd4+ Kg5 61. Rxh4 Kxh4 62. Kd5 Kg4 63. Ke4 Kg5 64. Ke5 Kg6 65. f4
Kg7 66. Ke6 Kg8 67. Ke7 1-0

[Event "Mistrzostwa Polski Juniorow Mlodszych do lat 14 - OOM Zachodniopomorskie 2023"]
[Site "Darlowek"]
[Date "1899-12-30"]
[Round "4.18"]
[White "Lechowski, Witold"]
[Black "Gawlik, Olivier"]
[Result "1/2-1/2"]
[WhiteTitle "I"]
[BlackTitle "II+"]
[WhiteElo "1650"]
[BlackElo "1412"]

1. d4 Nf6 2. Nf3 c5 3. c4 cxd4 4. Nxd4 e5 5. Nf3 Nc6 6. g3 d5 7. cxd5 Qxd5 8. Qxd5
Nxd5 9. a3 Bf5 10. Nbd2 Nc7 11. e3 Be7 12. Nc4 f6 13. Bd2 O-O 14. Rc1 Rac8 15.
Bg2 Be6 16. O-O Rfd8 17. Na5 Nxa5 18. Bxa5 b6 19. Bd2 Nd5 20. Rxc8 Rxc8 21. e4
Nc7 22. Rc1 Nb5 23. Rxc8+ Bxc8 24. Be3 Nd6 25. Nd2 Bb7 26. f3 Kf7 27. Bf1 Bc8
28. Bd3 Bd7 29. Nc4 Nxc4 30. Bxc4+ Be6 31. Bb5 Bc5 32. Bxc5 bxc5 33. Kf2 Ke7 34.
Ke3 Kd6 35. Kd2 c4 36. Ba4 Kc5 37. Kc3 Bf7 38. Bd1 Be6 39. Be2 a5 40. h4 h6 41.
Bf1 1/2-1/2

[Event "Mistrzostwa Polski Juniorow Mlodszych do lat 14 - OOM Zachodniopomorskie 2023"]
[Site "Darlowek"]
[Date "1899-12-30"]
[Round "4.19"]
[White "Gruca, Karol"]
[Black "Klim, Juliusz"]
[Result "0-1"]
[WhiteTitle "II+"]
[BlackTitle "I+"]
[WhiteElo "1510"]
[BlackElo "1607"]

1. e4 c5 2. Nf3 d6 3. d4 cxd4 4. Nxd4 Nf6 5. Nc3 a6 6. Be2 e5 7. Nf3 Be7 8. Bg5
Be6 9. a4 Nbd7 10. h3 O-O 11. O-O Rc8 12. Qd2 h6 13. Be3 Nb6 14. Bxb6 Qxb6 15.
Rab1 Rfd8 16. Bd3 Qc7 17. Rfe1 Qd7 18. b3 Nh5 19. Kh2 Nf4 20. Ne2 Nxd3 21. Qxd3
d5 22. Rbd1 Qc7 23. Rc1 dxe4 24. Qxe4 Bd5 25. Qe3 Bc5 26. Qc3 e4+ 27. Ng3 exf3
28. gxf3 Qf4 29. Kg2 Bxf2 30. Qxg7+ Kxg7 31. Nh5+ Kh7 32. Nxf4 Bxe1 33. Rxe1 Rxc2+
34. Kg3 Rg8+ 35. Kh4 Bxb3 36. Re7 Rc4 37. Rxf7+ Rg7 38. Rf8 Rxa4 0-1

[Event "Mistrzostwa Polski Juniorow Mlodszych do lat 14 - OOM Zachodniopomorskie 2023"]
[Site "Darlowek"]
[Date "1899-12-30"]
[Round "4.20"]
[White "Durzynski, Jan"]
[Black "Karwot, Marek"]
[Result "1/2-1/2"]
[WhiteTitle "I"]
[BlackTitle "II+"]
[WhiteElo "1499"]
[BlackElo "1597"]

1. e4 c5 2. Nf3 d6 3. d4 cxd4 4. Nxd4 Nf6 5. Nc3 g6 6. Be3 Bg7 7. Bd3 O-O 8. Qd2
Nc6 9. f3 Nxd4 10. Bxd4 Be6 11. O-O-O Qa5 12. a3 Rab8 13. Nb1 Qxd2+ 14. Nxd2 a6
15. Bc4 Nd7 16. Bxg7 Kxg7 17. Bxe6 fxe6 18. Nb3 e5 19. Rd2 b5 20. c3 Nb6 21. Rhd1
g5 22. h3 h5 23. Rd3 Rf4 24. Nd2 g4 25. hxg4 hxg4 26. Rh1 gxf3 27. Rxf3 Rxf3 28.
gxf3 Rf8 29. Rh3 Nd7 30. Kc2 Rb8 31. Nf1 Kg6 32. Ne3 Nf6 33. Nf5 Kf7 34. Rg3 Rb7
35. Rg7+ Ke6 36. Ne3 a5 1/2-1/2

[Event "Mistrzostwa Polski Juniorow Mlodszych do lat 14 - OOM Zachodniopomorskie 2023"]
[Site "Darlowek"]
[Date "1899-12-30"]
[Round "4.21"]
[White "Uhryn, Lukasz"]
[Black "Rajlich, Vaclav"]
[Result "1/2-1/2"]
[WhiteTitle "I"]
[BlackTitle "I"]
[WhiteElo "1455"]
[BlackElo "1530"]

1. e4 c5 2. Nf3 Nc6 3. d4 cxd4 4. Nxd4 g6 5. c4 Bg7 6. Be3 Nf6 7. Nc3 d6 8. Be2
O-O 9. f3 Qb6 10. Nxc6 Qxc6 11. Rc1 h5 12. Qd2 b6 13. b3 Bb7 14. O-O Rad8 15.
Rc2 Qd7 16. Rfc1 Ne8 17. Nb5 Ba8 18. b4 f5 19. exf5 gxf5 20. c5 bxc5 21. bxc5
Rc8 22. c6 Rxc6 23. Rxc6 Bxc6 24. Nxa7 Bb7 25. Bb5 Qe6 26. a4 d5 27. Nc6 Nd6 28.
Bd4 Bh6 29. Qe1 Qxe1+ 30. Rxe1 Nxb5 31. axb5 Bxc6 32. bxc6 Kf7 33. Be5 Rc8 34.
c7 Bd2 35. Rb1 Ke6 36. f4 Ba5 37. Rb8 Kd7 38. Rb5 Bxc7 39. Bxc7 Rxc7 40. Rxd5+
Ke6 41. Re5+ Kf6 42. Kf2 Rc3 43. Re3 Rxe3 44. Kxe3 h4 45. Kd4 e6 46. Ke3 e5 47.
fxe5+ Kxe5 48. Kf3 Kf6 49. Kf4 Kg6 50. Ke5 Kg5 51. h3 Kg6 52. Kf4 Kf6 1/2-1/2

[Event "Mistrzostwa Polski Juniorow Mlodszych do lat 14 - OOM Zachodniopomorskie 2023"]
[Site "Darlowek"]
[Date "1899-12-30"]
[Round "4.22"]
[White "Niesyt, Michal"]
[Black "Werblinski, Wojciech"]
[Result "1-0"]
[WhiteTitle "I"]
[BlackTitle "II"]
[WhiteElo "1710"]
[BlackElo "1253"]

1. e4 c6 2. d4 d5 3. Nc3 dxe4 4. Nxe4 Nf6 5. Nxf6+ exf6 6. Nf3 Bd6 7. Be2 O-O 8.
O-O Bf5 9. c4 Nd7 10. Be3 h6 11. Qd2 Qc7 12. Rfd1 Rad8 13. Rac1 a5 14. c5 Be7
15. Bf4 Ne5 16. Nxe5 fxe5 17. Bxe5 Qxe5 18. dxe5 Rxd2 19. Rxd2 Bg5 20. Rcd1 Bxd2
21. Rxd2 Be6 22. b3 Bd5 23. f4 g5 24. fxg5 hxg5 25. Bg4 Re8 26. Re2 Be6 27. Bf3
Kg7 28. Kf2 Kg6 29. h3 Rd8 30. g4 Kg7 31. Ke3 Rd7 32. Rd2 Re7 33. Rd8 Bd7 34.
Kd4 Be6 35. Be4 Rd7+ 36. Rxd7 Bxd7 37. Bf5 Be6 38. Bxe6 fxe6 39. Kc3 Kf7 40. Kb2
Ke7 41. Ka3 Kd8 42. Ka4 Kd7 43. Kxa5 Kc7 44. Kb4 Kd7 45. Kc4 Ke7 46. Kd4 Kf7 47.
Ke4 Ke7 48. Kf3 Kf7 49. Kg3 Kg6 50. b4 Kf7 51. h4 gxh4+ 52. Kxh4 Kg6 53. a4 Kh6
54. b5 Kg6 55. bxc6 bxc6 56. a5 Kh6 57. a6 Kg7 58. a7 Kg6 59. a8=Q Kg7 60. Kg5
Kh7 61. Qb7+ Kg8 62. Kg6 Kh8 63. Qb8# 1-0

[Event "Mistrzostwa Polski Juniorow Mlodszych do lat 14 - OOM Zachodniopomorskie 2023"]
[Site "Darlowek"]
[Date "1899-12-30"]
[Round "4.23"]
[White "Nocek, Dominik"]
[Black "Kowalski, Witold"]
[Result "1-0"]
[WhiteTitle "I"]
[BlackTitle "I+"]
[WhiteElo "1501"]
[BlackElo "1662"]

1. e4 c5 2. Nf3 d6 3. d4 cxd4 4. Nxd4 Nf6 5. Nc3 a6 6. g3 e5 7. Nde2 Be7 8. Bg2
b5 9. Nd5 Nbd7 10. Nec3 Nb6 11. Nxf6+ Bxf6 12. Nd5 O-O 13. Nxf6+ Qxf6 14. O-O
Bb7 15. b3 Rfd8 16. Be3 Nd7 17. f4 Nc5 18. fxe5 Qxe5 19. Bd4 Qg5 20. Rf4 f6 21.
Bxf6 Qg6 22. Bxd8 Rxd8 23. Qe2 Ne6 24. Rff1 Re8 25. Rae1 Nc5 26. Qf2 h6 27. Qf5
Kh7 28. Qxg6+ Kxg6 29. Rf4 Ne6 30. Rf2 Ng5 31. Rfe2 Re5 32. h4 Nf7 33. Rd2 Re6
34. Rde2 Re5 35. Bh3 Kf6 36. Bg2 Kg6 37. Bh3 Kf6 38. Bg2 Kg6 39. Rf2 Bc8 40. Rd2
Bb7 41. Rd4 Rc5 42. c4 b4 43. Rf1 a5 44. Rf5 Re5 45. h5+ 1-0

[Event "Mistrzostwa Polski Juniorow Mlodszych do lat 14 - OOM Zachodniopomorskie 2023"]
[Site "Darlowek"]
[Date "1899-12-30"]
[Round "4.24"]
[White "Rosa, Antoni"]
[Black "Zielen, Stanislaw"]
[Result "1/2-1/2"]
[WhiteTitle "I++"]
[BlackTitle "II+"]
[WhiteElo "1643"]
[BlackElo "1356"]

1. c4 Nf6 2. Nc3 e6 3. e4 d5 4. e5 d4 5. exf6 dxc3 6. fxg7 cxd2+ 7. Qxd2 Qxd2+
8. Bxd2 Bxg7 9. O-O-O Bd7 10. Nf3 Nc6 11. Bd3 O-O-O 12. Rhe1 h6 13. h3 Nd4 14.
Ne5 Bxe5 15. Rxe5 Bc6 16. Bf1 h5 17. Ra5 Nf5 18. Rxa7 Kb8 19. Ra5 Rhg8 20. f3
Rd4 21. Re1 h4 22. Bc3 Rd7 23. b4 b6 24. Rae5 Ng3 25. b5 Bb7 26. Be2 Nf5 27. Rg1
Nd4 28. Bxd4 Rxd4 29. Kc2 Bc8 30. Bd3 f6 31. Re2 e5 32. Rd1 Be6 33. Kc3 Rgd8 34.
Red2 Ka7 35. Be4 Rxd2 36. Rxd2 Rxd2 37. Kxd2 Bxc4 38. Bc6 Bf1 39. f4 exf4 40.
Ke1 Bc4 41. Kf2 Bxa2 42. Kf3 Be6 43. Kxf4 Kb8 44. g3 Kc8 45. gxh4 Kd8 1/2-1/2

[Event "Mistrzostwa Polski Juniorow Mlodszych do lat 14 - OOM Zachodniopomorskie 2023"]
[Site "Darlowek"]
[Date "1899-12-30"]
[Round "4.25"]
[White "Prokopiuk, Jakub"]
[Black "Jaszczuk, Piotr"]
[Result "0-1"]
[WhiteTitle "I"]
[BlackTitle "II"]
[WhiteElo "1562"]
[BlackElo "1556"]

1. e4 c5 2. Nf3 Nc6 3. d4 cxd4 4. Nxd4 Nf6 5. Nc3 e5 6. Ndb5 d6 7. Bg5 a6 8. Na3
b5 9. Nd5 Be7 10. Nxe7 Qxe7 11. c3 O-O 12. Be2 h6 13. Bxf6 Qxf6 14. O-O Bb7 15.
Nc2 Rad8 16. Ne3 Ne7 17. Bf3 Ng6 18. g3 Ne7 19. Bg2 Qe6 20. a4 d5 21. exd5 Nxd5
22. Nxd5 Bxd5 23. Bxd5 Rxd5 24. Qe2 Rfd8 25. axb5 Rd2 26. Qe4 axb5 27. Qb4 Qc4
28. Qe7 Rc8 29. Rab1 Qc5 30. Qxc5 Rxc5 31. Rfd1 Rc2 32. Rdc1 Rd2 33. b3 e4 34.
c4 Rf5 35. Rf1 bxc4 36. bxc4 Rc5 37. Rfc1 Ra5 38. c5 Raa2 39. Rf1 e3 40. c6 Rac2
41. Rbc1 e2 42. Rfe1 Rxc1 43. Rxc1 Rd1+ 0-1

[Event "Mistrzostwa Polski Juniorow Mlodszych do lat 14 - OOM Zachodniopomorskie 2023"]
[Site "Darlowek"]
[Date "1899-12-30"]
[Round "4.26"]
[White "Wasiluk, Mateusz"]
[Black "Grobelny, Mikolaj"]
[Result "1-0"]
[WhiteTitle "II+"]
[BlackTitle "I"]
[WhiteElo "1570"]
[BlackElo "1577"]

1. e4 e5 2. Nf3 Nf6 3. Nxe5 d6 4. Nf3 Nxe4 5. Nc3 Nxc3 6. dxc3 Be7 7. Bd3 O-O 8.
Be3 Nc6 9. Qe2 Be6 10. O-O-O a6 11. h3 b5 12. Kb1 Rb8 13. g4 b4 14. c4 Qd7 15.
Bg5 Rfe8 16. Qe4 g6 17. Bxe7 Rxe7 18. Qf4 a5 19. Ng5 a4 20. Ne4 Qd8 21. Qh6 f5
22. Nf6+ Kh8 23. gxf5 Bxf5 24. Bxf5 gxf5 25. Rhg1 Rf7 26. Rg8+ Qxg8 27. Nxg8 Rxg8
28. Qe6 Nd8 29. Qe1 Nc6 30. a3 Rb8 31. axb4 h6 32. Qe6 Rg7 33. Qxh6+ Kg8 34. Qe6+
Rf7 35. Rg1+ Kf8 36. Qh6+ Ke8 37. b5 Ne7 38. Qe6 Kf8 39. h4 Rb6 40. h5 d5 41.
Qe5 Rh7 42. Qxc7 Rbh6 43. b6 Nc6 44. Qc8+ Kf7 45. b7 Rh8 46. Qxf5+ Ke7 47. Rg7+
Kd6 48. Qxd5# 1-0

[Event "Mistrzostwa Polski Juniorow Mlodszych do lat 14 - OOM Zachodniopomorskie 2023"]
[Site "Darlowek"]
[Date "1899-12-30"]
[Round "5.1"]
[White "Warchol, Kamil"]
[Black "Sowinski, Pawel"]
[Result "0-1"]
[WhiteTitle "FM"]
[BlackTitle "FM"]
[WhiteElo "2103"]
[BlackElo "2313"]

1. e4 e5 2. Nf3 Nc6 3. Bc4 Nf6 4. d3 h6 5. Nc3 d6 6. a3 g6 7. h3 Bg7 8. Be3 O-O
9. Qd2 Kh7 10. O-O-O Be6 11. Bxe6 fxe6 12. d4 exd4 13. Nxd4 Qe8 14. f3 a6 15.
g4 Ne5 16. Qe2 b5 17. Kb1 Nc4 18. Bc1 c5 19. Nb3 Nd7 20. Na2 Ndb6 21. Nd2 Rb8
22. Rhf1 a5 23. f4 Nxd2+ 24. Qxd2 b4 25. axb4 axb4 26. f5 Nc4 27. fxg6+ Qxg6 28.
Qe2 Rxf1 29. Rxf1 d5 30. b3 Na3+ 31. Bxa3 bxa3 32. Nc1 c4 33. Ka2 Rc8 34. h4 Bb2
35. Re1 Qg7 36. e5 Bxc1 37. Rxc1 cxb3+ 38. Kb1 Qb7 39. c3 b2 40. Qd3+ Kg7 0-1

[Event "Mistrzostwa Polski Juniorow Mlodszych do lat 14 - OOM Zachodniopomorskie 2023"]
[Site "Darlowek"]
[Date "1899-12-30"]
[Round "5.2"]
[White "Komendecki, Antoni"]
[Black "Lecki, Leonard"]
[Result "1-0"]
[WhiteTitle "I++"]
[BlackTitle "I+"]
[WhiteElo "1999"]
[BlackElo "1962"]

1. d4 d5 2. c4 c6 3. Nc3 e6 4. e4 dxe4 5. Nxe4 Bb4+ 6. Bd2 Qxd4 7. Bxb4 Qxe4+ 8.
Ne2 Na6 9. Bf8 Qg6 10. Qd6 Bd7 11. Nf4 Qh6 12. Be2 e5 13. Qxh6 Nxh6 14. Bxg7 Ke7
15. Bxh6 exf4 16. Bxf4 Rhg8 17. O-O-O Be6 18. h4 Rad8 19. b3 Nc5 20. Be3 Nd7 21.
g3 b6 22. Bd3 f5 23. Bg5+ Nf6 24. Rhe1 Kf7 25. Re5 Ng4 26. Rxe6 Kxe6 27. Bxd8
Nxf2 28. Rd2 Rxg3 29. Bxf5+ Kxf5 30. Rxf2+ Ke4 31. Kb2 Rg7 32. Bg5 c5 33. Re2+
Kd3 34. Re3+ Kd4 35. Bf6+ 1-0

[Event "Mistrzostwa Polski Juniorow Mlodszych do lat 14 - OOM Zachodniopomorskie 2023"]
[Site "Darlowek"]
[Date "1899-12-30"]
[Round "5.3"]
[White "Cieslak, Patryk"]
[Black "Bochniak, Franciszek"]
[Result "0-1"]
[WhiteTitle "FM"]
[BlackTitle "I++"]
[WhiteElo "2319"]
[BlackElo "1884"]

1. e4 e5 2. Nf3 Nf6 3. Nxe5 d6 4. Nf3 Nxe4 5. d4 d5 6. Bd3 Bd6 7. O-O O-O 8. Re1
Bf5 9. c4 c6 10. Nc3 Nxc3 11. bxc3 Bxd3 12. Qxd3 dxc4 13. Qxc4 Nd7 14. Bg5 Qc7
15. Qd3 Rfe8 16. Qf5 Nf8 17. Rab1 b6 18. h3 Qd7 19. Qd3 Ne6 20. Be3 Re7 21. Rbd1
Qc7 22. Re2 Rae8 23. Rc2 Bf4 24. c4 Bxe3 25. fxe3 Rd8 26. Qd2 Nc5 27. Qe1 Ne4
28. Qh4 Ng3 29. Re1 Re4 30. Qxe4 Nxe4 31. Rf1 f6 0-1

[Event "Mistrzostwa Polski Juniorow Mlodszych do lat 14 - OOM Zachodniopomorskie 2023"]
[Site "Darlowek"]
[Date "1899-12-30"]
[Round "5.4"]
[White "Pycinski, Wladyslaw"]
[Black "Futyma, Dawid"]
[Result "1/2-1/2"]
[WhiteTitle "I"]
[BlackTitle "I"]
[WhiteElo "1942"]
[BlackElo "1519"]

1. d4 Nf6 2. Nf3 e6 3. g3 c5 4. Bg2 cxd4 5. O-O d5 6. Nxd4 e5 7. Nb3 Be6 8. Bg5
Nc6 9. e4 d4 10. c3 dxc3 11. Nxc3 Bc4 12. Re1 Bb4 13. Qc2 Bxc3 14. Qxc3 Bxb3 15.
Qxb3 Qc7 16. Qa3 Qe7 17. Qxe7+ Kxe7 18. Rac1 h6 19. Be3 Nd7 20. Red1 Rhd8 21.
h3 f6 22. Bf3 Nf8 23. Bc5+ Kf7 24. Bh5+ g6 25. Be2 Nd7 26. Bc4+ Kg7 27. Be3 Nb6
28. Rxd8 Rxd8 29. Bb5 Rd6 30. b3 Nc8 31. Kf1 a6 32. Bxc6 Rxc6 33. Rxc6 bxc6 34.
Bc5 Kf7 35. Ke2 Ke6 36. Kd3 Nd6 37. b4 Nb7 38. Kc4 h5 39. a3 Kd7 40. f3 Ke6 41.
g4 hxg4 42. fxg4 g5 1/2-1/2

[Event "Mistrzostwa Polski Juniorow Mlodszych do lat 14 - OOM Zachodniopomorskie 2023"]
[Site "Darlowek"]
[Date "1899-12-30"]
[Round "5.5"]
[White "Suska, Szymon"]
[Black "Bartodziej, Bartosz"]
[Result "1-0"]
[WhiteTitle "I"]
[BlackTitle "I"]
[WhiteElo "1879"]
[BlackElo "1936"]

1. e4 c5 2. Nc3 Nc6 3. g3 g6 4. Bg2 Bg7 5. d3 Nf6 6. Be3 d6 7. h3 O-O 8. Qd2 Rb8
9. f4 Qc7 10. Nf3 b5 11. O-O b4 12. Ne2 Ba6 13. g4 Nd7 14. Rab1 c4 15. b3 cxd3
16. cxd3 Nc5 17. Ne1 Ne6 18. Rc1 Bb5 19. f5 Ned8 20. Nf3 Qa5 21. Nf4 Nb7 22. Nd5
e6 23. Nf4 d5 24. exd5 exd5 25. Nxd5 Rbd8 26. Nh4 Rfe8 27. Bg5 Bd4+ 28. Kh1 Nc5
29. Nf6+ Kh8 30. Nxe8 Rxe8 31. Rxc5 Bxc5 32. Bf6+ Kg8 33. fxg6 Be3 34. gxf7+ Kxf7
35. Bd5+ 1-0

[Event "Mistrzostwa Polski Juniorow Mlodszych do lat 14 - OOM Zachodniopomorskie 2023"]
[Site "Darlowek"]
[Date "1899-12-30"]
[Round "5.6"]
[White "Zmarzly, Wiktor"]
[Black "Liskiewicz, Jakub"]
[Result "0-1"]
[WhiteTitle "I+"]
[BlackTitle "I++"]
[WhiteElo "1763"]
[BlackElo "1902"]

1. c4 e6 2. Nc3 Bb4 3. Nf3 Ne7 4. a3 Bxc3 5. dxc3 O-O 6. h4 d5 7. cxd5 exd5 8.
Bf4 Nd7 9. h5 h6 10. g4 f6 11. e3 Nc5 12. Nd4 Bd7 13. Qc2 a5 14. Nf5 Nxf5 15.
gxf5 Qc8 16. Qd1 Kh8 17. Qxd5 Na4 18. Qb3 Bc6 19. Rh4 Qxf5 20. Bh3 Qe4 21. Bg3
Nc5 22. Qc4 Nd3+ 23. Kd2 Qxc4 24. Rxc4 Nxb2 25. Rd4 Na4 26. Bxc7 Nc5 27. Rb1 Ne4+
28. Kc2 f5 29. Bg2 Rfc8 30. Be5 Re8 31. Bc7 Re7 32. Bd6 Re6 33. Bc7 Nxf2 34. Bxc6
bxc6 35. Bf4 Ng4 36. Rb7 Nxe3+ 37. Bxe3 Rxe3 38. Rdd7 Rg3 39. Rf7 Rg5 40. Rbc7
Rg2+ 41. Kd3 Rg5 42. Kc4 Re8 43. Kc5 Re6 44. Kb6 a4 45. c4 Kg8 46. c5 Re3 47.
Rfd7 f4 48. Rc8+ Kh7 49. Rf7 Rxh5 50. Rxf4 Rxa3 51. Kxc6 Rc3 52. Kb6 Rb3+ 53.
Ka6 a3 54. Ra4 Rh2 55. c6 Rc2 56. c7 a2 57. Ka7 Rb1 0-1

[Event "Mistrzostwa Polski Juniorow Mlodszych do lat 14 - OOM Zachodniopomorskie 2023"]
[Site "Darlowek"]
[Date "1899-12-30"]
[Round "5.7"]
[White "Majcher, Igor"]
[Black "Zielonka, Adam"]
[Result "1/2-1/2"]
[WhiteTitle "II+"]
[BlackTitle "I++"]
[WhiteElo "1646"]
[BlackElo "2100"]

1. e4 c5 2. Nf3 e6 3. d4 cxd4 4. Nxd4 Nc6 5. Nc3 a6 6. Nxc6 bxc6 7. Bd3 Qc7 8.
O-O Nf6 9. Re1 d5 10. Qf3 Be7 11. e5 Nd7 12. Qg3 Kf8 13. Bf4 Bb7 14. Nd1 c5 15.
c4 d4 16. f3 Bc6 17. a4 h5 18. Bg5 Bxg5 19. Qxg5 Rb8 20. f4 g6 21. Re2 h4 22.
Bxg6 fxg6 23. Qxg6 Re8 24. f5 Nxe5 25. Qf6+ Nf7 26. fxe6 Rh6 27. Qf5 Rexe6 28.
Rxe6 Bd7 29. Qxf7+ Kxf7 30. Rxh6 h3 31. Nf2 hxg2 32. Re1 Bf5 33. Rh8 d3 34. Ree8
Bg6 35. Ng4 1/2-1/2

[Event "Mistrzostwa Polski Juniorow Mlodszych do lat 14 - OOM Zachodniopomorskie 2023"]
[Site "Darlowek"]
[Date "1899-12-30"]
[Round "5.8"]
[White "Ratajczak, Hubert"]
[Black "Kania, Franciszek"]
[Result "1-0"]
[WhiteTitle "I"]
[BlackTitle "I"]
[WhiteElo "1972"]
[BlackElo "1875"]

1. Nf3 Nf6 2. g3 g6 3. Bg2 Bg7 4. O-O O-O 5. c4 d6 6. Nc3 Nc6 7. Rb1 Na5 8. d3
c5 9. a3 e5 10. b4 Nc6 11. Bg5 h6 12. Bxf6 Bxf6 13. Ne1 cxb4 14. axb4 Nd4 15.
e3 Ne6 16. Nc2 Nc7 17. b5 Ne6 18. Nb4 Bg7 19. Nbd5 f5 20. Ra1 f4 21. Be4 Ng5 22.
h4 Nxe4 23. Nxe4 Bh3 24. Qf3 Bxf1 25. Rxf1 fxe3 26. Qxe3 a6 27. b6 Qd7 28. Kg2
Rac8 29. f3 Rcd8 30. g4 Qe6 31. Ng3 e4 32. dxe4 Rc8 33. Rc1 Rc5 34. h5 g5 35.
Nf5 Ra5 36. Rc2 Ra1 37. c5 dxc5 38. Qxc5 Rf7 39. Nxg7 Rxg7 40. Qd4 Rb1 41. Nf6+
Kh8 42. Qd8+ Rg8 43. Nxg8 Qxg8 44. Qf6+ 1-0

[Event "Mistrzostwa Polski Juniorow Mlodszych do lat 14 - OOM Zachodniopomorskie 2023"]
[Site "Darlowek"]
[Date "1899-12-30"]
[Round "5.9"]
[White "Dobosiewicz, Dawid"]
[Black "Przybylski, Jan"]
[Result "1/2-1/2"]
[WhiteTitle "I+"]
[BlackTitle "I+"]
[WhiteElo "1872"]
[BlackElo "1671"]

1. e4 e5 2. Nc3 Nf6 3. Bc4 Nc6 4. d3 Na5 5. Bb3 Nxb3 6. axb3 d5 7. Bg5 Bb4 8. Bxf6
Qxf6 9. exd5 c6 10. Nge2 cxd5 11. O-O Qc6 12. f4 exf4 13. Nxf4 Bxc3 14. bxc3 O-O
15. Qh5 Be6 16. c4 dxc4 17. dxc4 Rad8 18. Qg5 h6 19. Qa5 a6 20. Rf3 Rd4 21. Nxe6
Qxe6 22. Re1 Re4 23. Rxe4 Qxe4 24. Qd5 Qe7 25. h3 Rd8 26. Qf5 g6 27. Qf4 Rd1+
28. Kh2 Qd6 29. c5 Qxf4+ 30. Rxf4 Re1 31. Rb4 Re7 32. Rb6 Rc7 33. b4 a5 34. c3
axb4 35. cxb4 Kf8 36. Kg3 Re7 37. Kf4 Kg7 38. b5 h5 39. g4 hxg4 40. hxg4 f6 41.
Rd6 g5+ 42. Kf3 Re5 43. Rd7+ Kg6 44. Rc7 f5 45. b6 fxg4+ 46. Kxg4 Re4+ 47. Kg3
Rc4 48. Rc8 Rb4 49. Kf3 Kf5 50. Ke3 g4 51. Rc7 Rc4 52. Rxb7 Rxc5 53. Rb8 Re5+
54. Kf2 Re7 55. b7 Ke6 56. Kg3 Ke5 57. Kh4 Rh7+ 58. Kxg4 Rg7+ 59. Kh5 Rh7+ 60.
Kg4 Rg7+ 61. Kf3 Rf7+ 62. Ke3 Re7 63. Kd3 Rd7+ 64. Kc4 Kd6 65. Rh8 Rxb7 1/2-1/2

[Event "Mistrzostwa Polski Juniorow Mlodszych do lat 14 - OOM Zachodniopomorskie 2023"]
[Site "Darlowek"]
[Date "1899-12-30"]
[Round "5.10"]
[White "Olszewski, Antoni"]
[Black "Kraczek, Cezary"]
[Result "0-1"]
[WhiteTitle "II+"]
[BlackTitle "I"]
[WhiteElo "1821"]
[BlackElo "1720"]

1. e4 Nf6 2. e5 Nd5 3. d4 d6 4. c4 Nb6 5. exd6 exd6 6. Nc3 Be7 7. Be3 O-O 8. Bd3
Nc6 9. a3 Re8 10. Kf1 Bf6 11. Nge2 Bg4 12. h3 Bxe2+ 13. Bxe2 Bg5 14. Qd2 Bxe3
15. fxe3 Na5 16. Re1 Naxc4 17. Bxc4 Nxc4 18. Qc1 Qg5 19. Nd1 d5 20. b3 Nd6 21.
h4 Qg6 22. Nf2 c6 23. Rh3 Ne4 24. Nxe4 Rxe4 25. h5 Qg5 26. Qd1 Rae8 27. Qf3 R8e6
28. Rg3 Qh4 29. Qf2 Qxh5 30. Qf3 Qxf3+ 31. Rxf3 g6 32. Kf2 f5 33. Rh1 f4 34. Rxf4
Rxf4+ 35. exf4 Re4 36. g3 Rxd4 37. Ke3 Re4+ 38. Kd3 Kg7 39. b4 h5 40. Rh2 Kf6
41. Rh1 Kf5 42. Rc1 a6 43. Rb1 Kg4 44. a4 Kxg3 45. b5 axb5 46. axb5 cxb5 47. Rxb5
Rxf4 48. Rxd5 h4 49. Ke3 Rf5 50. Rd1 Re5+ 51. Kd4 Re6 52. Kd5 Re2 53. Rg1+ Rg2
54. Rb1 h3 55. Rb6 h2 56. Rxg6+ Kf2 57. Rh6 Kg1 0-1

[Event "Mistrzostwa Polski Juniorow Mlodszych do lat 14 - OOM Zachodniopomorskie 2023"]
[Site "Darlowek"]
[Date "1899-12-30"]
[Round "5.11"]
[White "Zareba, Piotr"]
[Black "Rekuc, Patryk"]
[Result "1/2-1/2"]
[WhiteTitle "I+"]
[BlackTitle "I"]
[WhiteElo "1690"]
[BlackElo "1852"]

1. e4 c5 2. Nf3 d6 3. d4 cxd4 4. Nxd4 Nf6 5. Nc3 a6 6. Bg5 Nbd7 7. Bc4 Qc7 8. Bb3
b5 9. Nd5 Nxd5 10. exd5 Nc5 11. O-O h6 12. Be3 Bd7 13. Re1 Qb7 14. Qf3 Rc8 15.
Nf5 Bxf5 16. Qxf5 g6 17. Qf3 Bg7 18. c3 O-O 19. h4 Nd3 20. Re2 Ne5 21. Qg3 h5
22. Bd4 a5 23. a3 Rc7 24. Rae1 b4 25. axb4 axb4 26. Bxe5 dxe5 27. c4 Qb6 28. Qe3
Qd6 29. Ra1 Rfc8 30. Ra5 Kh7 31. Rb5 Rc5 32. Rxc5 Qxc5 33. Qxc5 Rxc5 34. Rc2 1/2-1/2

[Event "Mistrzostwa Polski Juniorow Mlodszych do lat 14 - OOM Zachodniopomorskie 2023"]
[Site "Darlowek"]
[Date "1899-12-30"]
[Round "5.12"]
[White "Klim, Juliusz"]
[Black "Jasiulewicz, Dawid"]
[Result "1-0"]
[WhiteTitle "I+"]
[BlackTitle "I"]
[WhiteElo "1607"]
[BlackElo "1927"]

1. e4 c5 2. Nf3 d6 3. d4 cxd4 4. Nxd4 Nf6 5. Nc3 a6 6. h4 e5 7. Nb3 Be7 8. Bg5
Be6 9. Bxf6 Bxf6 10. g3 O-O 11. Qd2 Be7 12. O-O-O Nd7 13. Kb1 Rc8 14. f4 Nf6 15.
f5 Bc4 16. Bxc4 Rxc4 17. Qe2 b5 18. g4 Qa8 19. Nd2 Rc6 20. g5 Nd7 21. f6 gxf6
22. Qg4 f5 23. exf5 Qc8 24. Rhg1 Nb6 25. Qg2 Rxc3 26. g6 fxg6 27. fxg6 h6 28.
g7 Rf4 29. Qg6 Rf6 30. Qh5 Rxc2 31. Ne4 Na4 32. Nxf6+ Bxf6 33. Rc1 Rxb2+ 34. Ka1
Qe6 35. Qf7+ Kxf7 36. g8=Q+ Ke7 37. Rc7+ Qd7 38. Rcc1 1-0

[Event "Mistrzostwa Polski Juniorow Mlodszych do lat 14 - OOM Zachodniopomorskie 2023"]
[Site "Darlowek"]
[Date "1899-12-30"]
[Round "5.13"]
[White "Jablonski, Antoni"]
[Black "Nowakowski, Maksymilian"]
[Result "1/2-1/2"]
[WhiteTitle "II+"]
[BlackTitle "I"]
[WhiteElo "1567"]
[BlackElo "1788"]

1. d4 Nf6 2. c4 e6 3. g3 Bb4+ 4. Nd2 c5 5. a3 Bxd2+ 6. Qxd2 cxd4 7. Nf3 O-O 8.
Bg2 Qc7 9. Qxd4 Nc6 10. Qc3 d6 11. O-O b6 12. Nd4 Nxd4 13. Qxd4 Rb8 14. Bg5 Ne8
15. e4 h6 16. Be3 Nf6 17. Rfd1 Bb7 18. f3 Rfd8 19. Rac1 e5 20. Qd2 Kf8 21. h4
Qe7 22. Kh2 Bc8 23. Bh3 Bxh3 24. Kxh3 Rbc8 25. Kg2 Rc6 26. Rc3 Qe6 27. Rdc1 Rdc8
28. Qd3 Ke7 29. b4 Nd7 30. Bd2 h5 31. Qd5 Qxd5 32. cxd5 Rxc3 33. Rxc3 Rxc3 34.
Bxc3 b5 35. Bb2 Nb6 36. Kf2 g6 37. Ke2 Nc4 38. Bc1 f5 39. Kd3 Kf6 40. a4 a6 41.
a5 1/2-1/2

[Event "Mistrzostwa Polski Juniorow Mlodszych do lat 14 - OOM Zachodniopomorskie 2023"]
[Site "Darlowek"]
[Date "1899-12-30"]
[Round "5.14"]
[White "Micula, Jakub"]
[Black "Butkiewicz, Jan"]
[Result "1/2-1/2"]
[WhiteTitle "I"]
[BlackTitle "I"]
[WhiteElo "1600"]
[BlackElo "1691"]

1. d4 Nf6 2. c4 e6 3. Nf3 d5 4. g3 Bb4+ 5. Bd2 Be7 6. Bg2 O-O 7. O-O Nbd7 8. Qc2
c6 9. Bf4 Nh5 10. Bc1 Nhf6 11. Nbd2 b6 12. e4 dxc4 13. Nxc4 Ba6 14. Re1 c5 15.
d5 exd5 16. exd5 Nxd5 17. Nfe5 Nxe5 18. Nxe5 Bf6 19. Qf5 Re8 20. Bg5 Bc8 21. Bxf6
gxf6 22. Nd7 Bxd7 23. Qxd5 Rc8 24. Qh5 Rxe1+ 25. Rxe1 f5 26. Rd1 Qe7 27. Bh3 Rd8
28. Bxf5 Bxf5 29. Rxd8+ Qxd8 30. Qxf5 Qd1+ 31. Kg2 Qe2 32. Qg5+ Kf8 33. Qf6 Qe4+
34. Kh3 c4 35. Qh8+ Ke7 36. Qb8 Qe6+ 1/2-1/2